| 000 | 00374nam a2200145Ia 4500 | ||
|---|---|---|---|
| 008 | 150201s2007 xx 000 0 und d | ||
| 082 |
_a616.462 _bK07C |
||
| 100 | _aCUTCLIFFE, JOHN R. | ||
| 245 | _aKEY DEBATES IN PSYCHEATRIC / MENTAL HEALTH NURSING | ||
| 250 | _a1ST | ||
| 260 |
_bELSEVIER _aINDIA _c2007 |
||
| 300 | _a386 | ||
| 650 | _aCOMMUNITy NURSING | ||
| 942 |
_2ddc _cBK |
||
| 999 |
_c2324 _d2324 |
||